| 000 | 01145nam a2200337 c 4500 | ||
|---|---|---|---|
| 999 |
_c206119 _d206119 |
||
| 003 | BLK | ||
| 005 | 20250624163843.0 | ||
| 008 | 180411b bul|||||r ||||||| ||bul|| | ||
| 010 | _aKNG00215868000 | ||
| 020 | _a978-619-186-336-5 | ||
| 040 | _aBLK | ||
| 041 |
_aBUL _cBUL |
||
| 072 |
_9178279 _aН84 _xБългарска художествена литература Н |
||
| 080 |
_aБългарска литература _b821.163.2 _x-32 _z821.163.2-32 |
||
| 100 |
_aЕвтимова, Здравка Василева _d1959- _9364705 |
||
| 139 |
_aЕвтимова, Здравка Василева _bЕ 22 |
||
| 245 | 1 | 0 |
_aЮлски разкази _cЗдравка Василева Евтимова. |
| 257 | _aBGR | ||
| 260 |
_c2017 _9209682 _aПловдив _bЖанет 45 |
||
| 300 |
_a296 с. _c20 см |
||
| 380 | _aX | ||
| 659 | 7 |
_9178160 _aН _xНови книги |
|
| 852 | _aЦб 289099 | ||
| 856 | 4 | _qpdf | |
| 856 | 4 | _qpdf | |
| 942 |
_cKNG _n0 _057 |
||
| 944 |
_aCR _c09.02.2018 _k30535 _lХристина Везирева |
||
| 944 |
_aED _c12.02.2018 _kВиолета_Тройчева |
||
| 999 | _d206119 | ||
| 999 | _d206119 | ||